01887 a2200253 4500003000500000005001700005010001600022040000900038082001600047100002500063245004600088260005800134300004200192505085700234650006701091650004101158650003401199651006201233651004401295942002501339999001901364952012501383952012501508NUST20230228115404.0 a 96014778 cNust00a301.427,ADA1 a Adams, Bert N9147814aThe American family farm /c Bert N Adams aOsceola, WI, USA :b National Book Foundationsc1996. a 380 p. :bill. (some col.) ;c27 cm. aIntroduction to Family Study (Page-1), Family Structures and Varieties (Page-15), Family Varieties exemplified: Nayar, Papago, Chinese (Page-35), Antecedents of the Modern Amer- Ican Family (Page-55), The Family in a Differentiated Society: Toawrd A Theoretical Perspective (Page-79), Family Subcultures and Sub societies in the United States (Page-102), The Socialization Process (Page-134), Adolescence (Page-157), Premarital Relationship in the United States (Page-176), Premarital Relationship in the United States (Page-1760, Love and Mate Selection in the United States (Page-203), Marriage: Processes and Roles (Page-234), Marriage: Interactions and Adjustments (Page-259), Kinship Relations (Page-277), Aging and the Family in the Family to Change and Challenge (Page-3190, The Family in the United States: Retrospect and Prospect (Page-348). 0aFamily farmszUnited StatesxHistoryxPictorial works.9104731 0aFamily farmszUnited States.9104732 0aPhotography of farms.9104733 0aUnited StatesxRural conditionsxPictorial works.9104734 0aUnited StatesxRural conditions.933978 2ddccBKk301.427,ADA c184650d184650 00102ddc4070aMCSbMCScGENd2016-12-12o301.427,ADApMCS34392r2016-12-08w2016-12-12yBKzAlmirah No.49, Shelf No.1 00102ddc4070aMCSbMCScGENd2016-12-12o301.427,ADApMCS34393r2016-12-08w2016-12-12yBKzAlmirah No.73, Shelf No.3